MARC

LEADER 00000nas a2200000 a 4500
001 ssj0009453
003 WaSeSS
005 20200512172242.0
006 m d
007 cr n
008 001228c19769999pautr p s 0 a0eng c
010 |a  2001212071 
016 7 |a 012548481  |2 Uk 
016 7 |a 2058706-5  |2 DE-600 
022 |a 1534-1836  |l 0098-9355  |y 0098-9355 
035 |a (WaSeSS)ssj0009453 
040 |a JHE  |b eng  |c JHE  |d NSD  |d OCLCQ  |d MUQ  |d UQ1  |d CFI  |d OCLCQ  |d EYM  |d OCLCQ  |d OCLCF  |d OCLCO  |d OCLCQ  |d OCLCO  |d OCLCQ  |d CUD  |d WQM  |d OCLCO  |d MUX  |d IL4I4  |d UKMGB  |d OCLCQ  |d DEFHM  |d OCLCO  |d GILDS  |d OCLCO  |d VT2  |d OCLCA  |d SFB  |d WaSeSS 
041 0 |a eng  |a fre 
042 |a nsdp  |a pcc 
050 1 4 |a PQ1  |b .F82 
082 1 0 |a 840  |2 13 
130 0 |a French forum (Online) 
210 0 |a Fr. forum  |b (Online) 
222 0 |a French forum  |b (Online) 
245 1 0 |a French forum  |h [electronic resource]. 
260 |3 1976-2000 :  |a Lexington, Ky. :  |b French Forum, Inc.,  |c 1976- 
260 2 |3 2001-<2016> :  |a Lincoln, NE :  |b University of Nebraska Press 
260 3 |3 <2017-> :  |a Philadelphia, PA :  |b University of Pennsylvania Press 
310 |a Three no. a year 
362 0 |a Vol. 1, no. 1 (Jan. 1976)- 
500 |a Title from PDF cover (JSTOR, viewed July 22, 2011). 
506 |a License restrictions may limit access. 
538 |a Mode of access: World Wide Web. 
546 |a English or French. 
588 |a Latest issue consulted: Vol. 30, no. 3 (fall 2005) (JSTOR, viewed July 22, 2011). 
650 0 |a French literature  |x History and criticism  |v Periodicals. 
650 6 |a Littérature française  |x Histoire et critique  |v Périodiques. 
650 7 |a French literature.  |2 fast  |0 (OCoLC)fst00934688 
650 1 7 |a Littérature française.  |2 rasuqam 
650 7 |a Littérature de langue française.  |2 rasuqam 
650 7 |a Französisch  |2 gnd 
650 7 |a Literatur  |2 gnd 
653 0 |a Languages and linguistics  |a Literature/writing 
655 0 |a Electronic journals. 
776 0 8 |i Print version:  |t French forum  |x 0098-9355  |w (DLC) 76640854  |w (OCoLC)2246903 
856 4 0 |z Full text available from Research Library: 01/01/2004 to 12/31/2017  |u https://search.proquest.com/publication/29077